Segundo volumen de sus obras (edición facsimilar)
Salvato in:
| Autore principale: | |
|---|---|
| Natura: | Libro |
| Lingua: | Undetermined |
| Pubblicazione: |
México, Distrito Federal
Universidad Nacional Autónoma de México
2010
|
| Edizione: | 2 |
| Soggetti: | |
| Tags: |
Aggiungi Tag
Nessun Tag, puoi essere il primo ad aggiungerne!!
|
MARC
| LEADER | 00000nam a2200000Ia 4500 | ||
|---|---|---|---|
| 008 | 170316s9999 xx 000 0 und d | ||
| 040 | |a cru BVZT | ||
| 090 | |a 860 C-47se | ||
| 100 | |a Cruz, Sor Juana Inés de la | ||
| 245 | |a Segundo volumen de sus obras (edición facsimilar) | ||
| 250 | |a 2 | ||
| 260 | |a México, Distrito Federal | ||
| 260 | |b Universidad Nacional Autónoma de México | ||
| 260 | |c 2010 | ||
| 300 | |a 557 páginas | ||
| 650 | |a LITERATURA LATINOAMERICANA | ||
| 650 | |a OBRAS - SOR JUANA INÉS DE LA CRUZ | ||
| 650 | |a EDICIÓN FACSIMILAR | ||
| 650 | |a LETRAS | ||
| 650 | |a SONETOS | ||
| 650 | |a LIRAS | ||
| 650 | |a GLOSSAS | ||
| 650 | |a DEZIMAS | ||
| 650 | |a REDONDILLAS | ||
| 650 | |a ROMANCES | ||
| 650 | |a ENDECHAS | ||
| 999 | |c 8566 |d 8566 | ||
| 942 | |c 15 D |h 860 C-47se |2 z | ||
